000 01769cam a22004694i 4500
003 PE-LiUPU
005 20250731184516.0
008 150617s r 000 0 d
035 _a(Sirsi) a16761
040 _aPE-LiUPU
_bspa
_cPE-LiUPU
_erda
049 _aPRUA
082 0 4 _a985.152
_bC92
_221
100 1 _aCuestas, José Martín,
_eautor.
245 1 0 _aJaen de Bracamoros; evangelización siglo XVI .
_n3.
264 1 _aLima :
_bLibrería Studium,
_c1984.
300 _a333 páginas ;
_c21 cm
336 _atext
_2rdacontent
337 _aunmediated
_2rdamedia
338 _avolume
_2rdacarrier
504 _aIncluye bibliografía.
505 0 _aMotivaciones que pudieron influir enla conversion de los indios a la fe católica -- Como y cuando se fue estableciendo la iglesia católica de Cristo en el Perú y en los bracamoros -- Realidad de la evangelización en las gobernaciones de Jaen de bracamoros y yaguarzongo durante el siglo XVI -- Documentos finales inéditos.
526 _aP136
526 _aP135
526 _aP134
526 _aP133
526 _aP144
526 _aP143
526 _aP87
526 _aP35
526 _aP20
526 _aP14
526 _aP10
526 _aP06
650 0 4 _aPERU
_xHISTORIA
_xEvangelización
_ySIGLO XVI.
910 _ajck
_bjvq
_cjck
_d20150616
942 _2ddc
_cBOOK
949 _a985.152 C92 3
_wDEWEY
_c1
_i30379
_lCCODEBUL1
_mBUL
_p
_r0
_sY
_tBOOK
_u2015-04-21
_xEDUCACION
_zUNKNOWN
_0COMPRA
_o.STAFF. Colección General
994 _aC0
_bPEPRU
596 _a1
999 _a985.152 C92 3
_wDEWEY
_c16266
_i30379
_f2021-11-8
_g5
_lCCODEBUL1
_mBUL
_r0
_sY
_tBOOK
_u2015-4-21
_xBIBLIOTECA
_zUNKNOWN
_0COMPRA
_o.STAFF. Colección General
_d16266
980 _81
_gALBERTO SANCHEZ Responsable de Automatización